[Event "Titled Tuesday intern op 06th May Early"]
[Site "Chess.com INT"]
[Date "2025.05.06"]
[Round "4"]
[White "Chiang, Jacob"]
[Black "Lindholm, Jere"]
[Result "1-0"]
[WhiteElo "2006"]
[BlackElo "2152"]
[PlyCount "87"]
[EventDate "2025.05.06"]
[EventType "swiss (blitz)"]
[EventRounds "11"]
[EventCountry "USA"]
[SourceTitle "CB20_2025"]
[SourceDate "2025.05.14"]
[SourceVersion "1"]
[SourceVersionDate "2025.05.14"]
[SourceQuality "1"]

1. c4 Nf6 2. Nc3 e5 3. g3 Bb4 4. Bg2 Bxc3 5. dxc3 0-0 6. e4 d6 7. f3 a5 8. Ne2 Nbd7 9. b3 Nc5 10. Be3 Qe7 11. 0-0 Bd7 12. Qc2 a4 13. b4 Ne6 14. f4 Ng4 15. Bd2 f6 16. f5 Nd8 17. h3 Nh6 18. Bxh6 gxh6 19. Qd2 Qg7 20. Rf3 Kh8 21. g4 Qg5 22. Qe1 b6 23. Kh2 a3 24. Rd1 Qg8 25. c5 bxc5 26. bxc5 Qxa2 27. cxd6 Bb5 28. dxc7 Bxe2 29. Rf2 Nb7 30. Rxe2 Qc4 31. Ra1 Qxc7 32. Rea2 Qa5 33. Qc1 Qc5 34. Rxa3 Rxa3 35. Rxa3 Rc8 36. Ra6 Kg7 37. Rxf6 Kxf6 38. Qxh6+ Ke7 39. Qxh7+ Kd6 40. Qxb7 Qxc3 41. Qd5+ Ke7 42. Qe6+ Kd8 43. f6 Qc1 44. Qe7# 1-0

[Event "Titled Tuesday intern op 06th May Early"]
[Site "Chess.com INT"]
[Date "2025.05.06"]
[Round "2"]
[White "Lindholm, Jere"]
[Black "Deveci, Huseyin Said"]
[Result "1-0"]
[WhiteElo "2152"]
[BlackElo "2212"]
[PlyCount "57"]
[EventDate "2025.05.06"]
[EventType "swiss (blitz)"]
[EventRounds "11"]
[EventCountry "USA"]
[SourceTitle "CB20_2025"]
[SourceDate "2025.05.14"]
[SourceVersion "1"]
[SourceVersionDate "2025.05.14"]
[SourceQuality "1"]

1. e4 e5 2. Nf3 d6 3. d4 exd4 4. Nxd4 Nf6 5. Nc3 Nc6 6. Be3 Be7 7. f3 Bd7 8. Qd2 a6 9. 0-0-0 b5 10. g4 b4 11. Nd5 Nxd5 12. exd5 Ne5 13. h3 a5 14. f4 Ng6 15. Bb5 0-0 16. Bxd7 Qxd7 17. Nf5 Rfb8 18. Bd4 Bf8 19. h4 h5 20. Rdg1 hxg4 21. Nxg7 Bxg7 22. h5 Nf8 23. h6 Bxd4 24. Qxd4 f5 25. Rh5 Nh7 26. Rxf5 Nf8 27. Rxg4+ Kh7 28. Rg7+ Kxh6 29. Qf6+ 1-0

[Event "Titled Tuesday intern op 06th May Early"]
[Site "Chess.com INT"]
[Date "2025.05.06"]
[Round "8"]
[White "Sobek, Jaroslav"]
[Black "Lindholm, Jere"]
[Result "0-1"]
[WhiteElo "2195"]
[BlackElo "2152"]
[PlyCount "30"]
[EventDate "2025.05.06"]
[EventType "swiss (blitz)"]
[EventRounds "11"]
[EventCountry "USA"]
[SourceTitle "CB20_2025"]
[SourceDate "2025.05.14"]
[SourceVersion "1"]
[SourceVersionDate "2025.05.14"]
[SourceQuality "1"]

1. d4 Nf6 2. c4 g6 3. Nc3 d5 4. Bf4 Bg7 5. e3 0-0 6. Rc1 c5 7. dxc5 Qa5 8. cxd5 Rd8 9. Qb3 Ne4 10. Bc4 Na6 11. d6 Naxc5 12. Bxf7+ Kh8 13. Qc4 exd6 14. Nf3 b5 15. Qxb5 Bxc3+ 0-1

[Event "Titled Tuesday intern op 06th May Early"]
[Site "Chess.com INT"]
[Date "2025.05.06"]
[Round "1"]
[White "Williams, Simon Kim"]
[Black "Lindholm, Jere"]
[Result "1-0"]
[WhiteElo "2445"]
[BlackElo "2152"]
[PlyCount "41"]
[EventDate "2025.05.06"]
[EventType "swiss (blitz)"]
[EventRounds "11"]
[EventCountry "USA"]
[SourceTitle "CB20_2025"]
[SourceDate "2025.05.14"]
[SourceVersion "1"]
[SourceVersionDate "2025.05.14"]
[SourceQuality "1"]

1. d4 Nf6 2. c4 g6 3. h4 d5 4. cxd5 Nxd5 5. h5 c5 6. hxg6 fxg6 7. e4 Nb4 8. d5 Bg7 9. Nc3 0-0 10. a3 Qa5 11. Bh6 N4a6 12. Bxg7 Kxg7 13. Qd2 Rf7 14. Nf3 Nd7 15. Qh6+ Kg8 16. Ng5 Rg7 17. Ne6 Rf7 18. Ng5 Rg7 19. Nxh7 Ne5 20. Ng5 Kf8 21. Qh8+ 1-0

[Event "Titled Tuesday intern op 25th Mar Early"]
[Site "Chess.com INT"]
[Date "2025.03.25"]
[Round "2"]
[White "Jaiveer, Mahendru"]
[Black "Lindholm, Jere"]
[Result "0-1"]
[WhiteElo "2251"]
[BlackElo "2150"]
[PlyCount "94"]
[EventDate "2025.03.25"]
[EventType "swiss (blitz)"]
[EventRounds "11"]
[EventCountry "USA"]
[SourceTitle "CB14_2025"]
[SourceDate "2024.11.01"]
[SourceVersion "1"]
[SourceVersionDate "2024.11.01"]
[SourceQuality "1"]

1. f4 Nf6 2. Nf3 c5 3. g3 g6 4. Bg2 Bg7 5. 0-0 0-0 6. d3 d5 7. Qe1 d4 8. e4 dxe3 9. Qxe3 Bd7 10. Ne5 Qb6 11. Nc3 Ng4 12. Qe2 Nxe5 13. fxe5 Bc6 14. Rb1 e6 15. Bf4 Bxg2 16. Kxg2 Nc6 17. b3 Qa5 18. Na4 Nd4 19. Qf2 Rac8 20. c3 Nc6 21. Qxc5 b5 22. Nb2 Nxe5 23. Qe3 Qxc3 24. Nd1 Qxd3 25. Nf2 Qxe3 26. Bxe3 Rc2 27. Bxa7 Rxa2 28. Bd4 Rd8 29. Bxe5 Bxe5 30. Kf3 Rdd2 31. Ng4 Bg7 32. Rbc1 h5 33. Rc8+ Kh7 34. Ne3 Rd3 35. Ke4 Rxb3 36. Rxf7 Re2 37. Rcc7 Rexe3+ 38. Kf4 Rf3+ 39. Kg5 Rf5+ 40. Rxf5 exf5 41. g4 hxg4 42. Rf7 Rh3 43. Rb7 Rxh2 44. Rxb5 Rh5+ 45. Kf4 Kh6 46. Rb3 Rh3 47. Rb7 Rf3# 0-1

[Event "Titled Tuesday intern op 25th Mar Early"]
[Site "Chess.com INT"]
[Date "2025.03.25"]
[Round "10"]
[White "Lindholm, Jere"]
[Black "Olhovik, Andrei"]
[Result "0-1"]
[WhiteElo "2150"]
[BlackElo "2282"]
[PlyCount "44"]
[EventDate "2025.03.25"]
[EventType "swiss (blitz)"]
[EventRounds "11"]
[EventCountry "USA"]
[SourceTitle "CB14_2025"]
[SourceDate "2024.11.01"]
[SourceVersion "1"]
[SourceVersionDate "2024.11.01"]
[SourceQuality "1"]

1. e4 c5 2. Nf3 e6 3. d4 cxd4 4. Nxd4 Bc5 5. Nb3 Bb6 6. Bd3 Ne7 7. Qe2 0-0 8. Be3 Bxe3 9. Qxe3 f5 10. Nc3 f4 11. Qd2 Nbc6 12. 0-0-0 a6 13. g3 Ng6 14. h4 Qf6 15. h5 Nge5 16. gxf4 Qxf4 17. Nc5 b6 18. N5a4 b5 19. Nb6 Rb8 20. Nxc8 Rbxc8 21. Be2 Qxd2+ 22. Rxd2 Rxf2 0-1

[Event "Titled Tuesday intern op 04th Mar Early"]
[Site "Chess.com INT"]
[Date "2025.03.04"]
[Round "7"]
[White "Lindholm, Jere"]
[Black "Bournel, Antoine"]
[Result "0-1"]
[WhiteElo "2150"]
[BlackElo "2423"]
[PlyCount "66"]
[EventDate "2025.03.04"]
[EventType "swiss (blitz)"]
[EventRounds "11"]
[EventCountry "USA"]
[SourceTitle "CB11_2025"]
[SourceDate "2025.03.12"]
[SourceVersion "1"]
[SourceVersionDate "2025.03.12"]
[SourceQuality "1"]

1. e4 c5 2. Nf3 d6 3. d4 c4 4. Bxc4 e6 5. Nc3 Be7 6. 0-0 Nf6 7. d5 0-0 8. dxe6 Bxe6 9. Qe2 Bg4 10. Bf4 Nc6 11. Rad1 Qa5 12. h3 Bh5 13. Bxd6 Bxd6 14. Rxd6 Bxf3 15. Qxf3 Ne5 16. Qf5 Nxc4 17. Rxf6 gxf6 18. Nd5 Rfd8 19. b3 Rxd5 20. exd5 Nd6 21. Qg4+ Kf8 22. c4 Re8 23. Qg3 Qc5 24. Rd1 Re2 25. a4 Ne4 26. Qb8+ Kg7 27. Qf4 Rxf2 28. Qg4+ Kf8 29. Kh2 f5 30. Qh4 Qd6+ 31. Kg1 Re2 32. Rf1 Ng3 33. Rxf5 Nxf5 0-1

[Event "Titled Tuesday intern op 04th Mar Early"]
[Site "Chess.com INT"]
[Date "2025.03.04"]
[Round "1"]
[White "Lindholm, Jere"]
[Black "Thorhallsson, Simon"]
[Result "0-1"]
[WhiteElo "2150"]
[BlackElo "2232"]
[PlyCount "36"]
[EventDate "2025.03.04"]
[EventType "swiss (blitz)"]
[EventRounds "11"]
[EventCountry "USA"]
[SourceTitle "CB11_2025"]
[SourceDate "2025.03.12"]
[SourceVersion "1"]
[SourceVersionDate "2025.03.12"]
[SourceQuality "1"]

1. e4 d6 2. d4 g6 3. Nc3 Bg7 4. f4 a6 5. a3 b5 6. Nf3 Bb7 7. Be3 Nd7 8. Bd3 c5 9. e5 cxd4 10. Bxd4 dxe5 11. fxe5 Bxf3 12. Qxf3 Nxe5 13. Bxe5 Bxe5 14. 0-0-0 Qb8 15. Rhe1 Ra7 16. Qc6+ Kf8 17. Nd5 Nf6 18. Kb1 Kg7 0-1

[Event "Titled Tuesday intern op 25th Feb Early"]
[Site "Chess.com INT"]
[Date "2025.02.25"]
[Round "9"]
[White "Clawitter, Craig"]
[Black "Lindholm, Jere"]
[Result "1-0"]
[WhiteElo "2050"]
[BlackElo "2150"]
[PlyCount "67"]
[EventDate "2025.02.25"]
[EventType "swiss (blitz)"]
[EventRounds "11"]
[EventCountry "USA"]
[SourceTitle "CB10_2025"]
[SourceDate "2025.03.05"]
[SourceVersion "1"]
[SourceVersionDate "2025.03.05"]
[SourceQuality "1"]

1. e4 c5 2. Nf3 d6 3. d4 cxd4 4. Nxd4 Nf6 5. Nc3 a6 6. f3 e5 7. Nb3 Be6 8. Be3 Nbd7 9. Qd2 Be7 10. 0-0-0 0-0 11. g4 b5 12. Rg1 b4 13. Nd5 Bxd5 14. exd5 Nb6 15. Na5 Nfxd5 16. Nc6 Qd7 17. Nxe7+ Qxe7 18. Bxb6 Nxb6 19. Qxd6 Qb7 20. Qxb4 Rab8 21. Qe4 Nd5 22. Rxd5 Qxb2+ 23. Kd2 Rfd8 24. Bd3 Qb6 25. Re1 Rxd5 26. Qxd5 Qb4+ 27. Ke2 Qf4 28. Bc4 Qxh2+ 29. Kd3 Qf4 30. Rxe5 Qf6 31. Rf5 Qg6 32. Qxf7+ Kh8 33. Qxg6 hxg6 34. Rd5 1-0

[Event "Titled Tuesday intern op 25th Feb Early"]
[Site "Chess.com INT"]
[Date "2025.02.25"]
[Round "4"]
[White "Hossam Mohamed, Adham"]
[Black "Lindholm, Jere"]
[Result "1-0"]
[WhiteElo "2014"]
[BlackElo "2150"]
[PlyCount "71"]
[EventDate "2025.02.25"]
[EventType "swiss (blitz)"]
[EventRounds "11"]
[EventCountry "USA"]
[SourceTitle "CB10_2025"]
[SourceDate "2025.03.05"]
[SourceVersion "1"]
[SourceVersionDate "2025.03.05"]
[SourceQuality "1"]

1. Nf3 Nf6 2. g3 g6 3. b3 Bg7 4. Bb2 0-0 5. Bg2 d6 6. 0-0 e6 7. d4 e5 8. dxe5 Ng4 9. Nbd2 Nxe5 10. Nxe5 dxe5 11. Nc4 Qe7 12. Ba3 c5 13. Qd5 Nd7 14. Rad1 Re8 15. Nd6 Rd8 16. Nc4 Bf6 17. Qd6 Rb8 18. Na5 Qxd6 19. Rxd6 Be7 20. Rd5 f6 21. Rfd1 Kf7 22. Bxc5 Nxc5 23. Rxd8 Bxd8 24. Rxd8 Ke7 25. Rh8 Nd7 26. Rxh7+ Ke6 27. Rh8 Ke7 28. Bxb7 Rxb7 29. Rxc8 Rb6 30. Rc6 Rb5 31. Nc4 Nb8 32. Rc7+ Ke6 33. a4 Rd5 34. Rxa7 Nc6 35. Ra6 Kd7 36. Nb6+ 1-0

[Event "Titled Tuesday intern op 25th Feb Early"]
[Site "Chess.com INT"]
[Date "2025.02.25"]
[Round "8"]
[White "Ivashentseva, Dominika"]
[Black "Lindholm, Jere"]
[Result "1-0"]
[WhiteElo "1869"]
[BlackElo "2150"]
[PlyCount "37"]
[EventDate "2025.02.25"]
[EventType "swiss (blitz)"]
[EventRounds "11"]
[EventCountry "USA"]
[SourceTitle "CB10_2025"]
[SourceDate "2025.03.05"]
[SourceVersion "1"]
[SourceVersionDate "2025.03.05"]
[SourceQuality "1"]

1. d4 Nf6 2. c4 g6 3. Nc3 d5 4. cxd5 Nxd5 5. Bd2 Bg7 6. e4 Nb6 7. Nf3 0-0 8. Be3 Bg4 9. Be2 Bxf3 10. Bxf3 Nc4 11. Qe2 Nxe3 12. fxe3 c6 13. 0-0 Nd7 14. Rad1 Qb6 15. d5 Ne5 16. dxc6 Qxc6 17. Nd5 Rfe8 18. Rc1 Qb5 19. Qxb5 1-0

[Event "Titled Tuesday intern op 25th Feb Early"]
[Site "Chess.com INT"]
[Date "2025.02.25"]
[Round "10"]
[White "Lindholm, Jere"]
[Black "Cardozo Munar, Carlos Eduardo"]
[Result "0-1"]
[WhiteElo "2150"]
[BlackElo "2052"]
[PlyCount "50"]
[EventDate "2025.02.25"]
[EventType "swiss (blitz)"]
[EventRounds "11"]
[EventCountry "USA"]
[SourceTitle "CB10_2025"]
[SourceDate "2025.03.05"]
[SourceVersion "1"]
[SourceVersionDate "2025.03.05"]
[SourceQuality "1"]

1. e4 e6 2. d4 d5 3. Nc3 Nf6 4. e5 Nfd7 5. Nce2 c5 6. c3 Nc6 7. a3 f6 8. Nf4 Qe7 9. Qh5+ Qf7 10. Qxf7+ Kxf7 11. exf6 cxd4 12. Nf3 dxc3 13. Ng5+ Kxf6 14. Ngxe6 Bd6 15. Nxd5+ Kxe6 16. Bc4 Nde5 17. Ba2 cxb2 18. Bxb2 Nd3+ 19. Kd2 Nxb2 20. Nc7+ Kd7 21. Nxa8 b5 22. Rab1 Nc4+ 23. Kc3 Ba6 24. a4 b4+ 25. Kc2 Na3+ 0-1

[Event "Titled Tuesday intern op 25th Feb Early"]
[Site "Chess.com INT"]
[Date "2025.02.25"]
[Round "7"]
[White "Lindholm, Jere"]
[Black "Nikhil, M."]
[Result "0-1"]
[WhiteElo "2150"]
[BlackElo "2261"]
[PlyCount "38"]
[EventDate "2025.02.25"]
[EventType "swiss (blitz)"]
[EventRounds "11"]
[EventCountry "USA"]
[SourceTitle "CB10_2025"]
[SourceDate "2025.03.05"]
[SourceVersion "1"]
[SourceVersionDate "2025.03.05"]
[SourceQuality "1"]

1. e4 c5 2. Nf3 Nc6 3. d4 cxd4 4. Nxd4 Nf6 5. Nc3 d6 6. Bg5 e6 7. Qd2 a6 8. 0-0-0 Bd7 9. f4 b5 10. Nxc6 Bxc6 11. Qe3 Qc7 12. Bxf6 gxf6 13. Be2 h5 14. Kb1 Qb7 15. f5 Bh6 16. Qg3 b4 17. fxe6 bxc3 18. Qxc3 0-0-0 19. exf7 Bf4 0-1